Palgrave's golden treasury of songs lyrics Bk fourth (Record no. 249058)

000 -LEADER
fixed length control field 00239 a2200097 4500
001 - CONTROL NUMBER
control field 13985
090 ## - LOCALLY ASSIGNED LC-TYPE CALL NUMBER (OCLC); LOCAL CALL NUMBER (RLIN)
-- 10947
-- 10947
100 ## - MAIN ENTRY--PERSONAL NAME
Personal name Fowler J.H
245 ## - TITLE STATEMENT
Title Palgrave's golden treasury of songs lyrics Bk fourth
260 ## - PUBLICATION, DISTRIBUTION, ETC.
Place of publication, distribution, etc. London
Name of publisher, distributor, etc. Macmilan
Date of publication, distribution, etc.
942 ## - ADDED ENTRY ELEMENTS (KOHA)
Institution code [OBSOLETE] NUST-CAE
Koha item type
--
Holdings
Withdrawn status Lost status Damaged status Not for loan Collection code Permanent Location Current Location Date acquired Total Checkouts Barcode Date last seen Price effective from Koha item type
          College of Aeronautical Engineering (CAE) College of Aeronautical Engineering (CAE) 04/03/2017   CAE35418 04/05/2017 04/05/2017 Book
© 2023 Central Library, National University of Sciences and Technology. All Rights Reserved.